000 00459nam a2200169Ia 4500
008 090123s9999 xx 000 0 und d
082 _b8238
_a891.463/रोहेक
100 _aरोहेकर ह.ना.
245 _aहिंदोल
250 _a1
300 _a136
600 _aरोहेकर ह.ना.
630 _aहिंदोल
700 _aरोहेकर ह.ना.
730 _aहिंदोल
942 _cBOOK
999 _c46304
_d46304